000 00940nam a2200253 a 4500
001 000013775
005 20200929163338.0
008 091130s1977 dr 000 0 spa d
040 _aDO-SdBNP
_bspa
_cBNPHU
082 _a551.44
_bP128e
100 1 _aPagán Perdomo, Dato
_921572
245 1 3 _aLa espeleología científica guia de investigación :
_bEnsayo de Sistematización de la Investigación Espeleología /
_cDato Pagán Perdomo; presentación José A. Caro Alvarez.
260 _aSanto Domngo :
_bMuseo del Hombre Dominicano,
_c1977.
300 _a87 p. ;
_c21 cm.
490 1 _aInvestigaciones
_v7
500 _aIncluye datos biográficos del autor
504 _aBibliografía: p. 83-86
590 _aInventariado, 2020/MFF
650 4 _aEspeleología
_912581
650 4 _aCuevas
_931264
710 2 _aMuseo del Hombre Dominicano
_931265
830 0 _aInvestigaciones
_v7
_919157
910 _aValidado. Control de calidad MFF
999 _c13387
_d13387